Publicacions de la Secció Tècnica de Museus de la Diputació de Barcelona
Descripción Física:
[5] p. ; 28 cm
MARC
| LEADER | 00000nam a2200000Ia 4500 | ||
|---|---|---|---|
| 001 | 9179 | ||
| 008 | 160829s1987?] xx 000 0 cat d | ||
| 080 | |a FU-25-1 | ||
| 110 | 1 | |a Barcelona (Catalunya : Província). |b Secció Tècnica de Museus |9 55058 | |
| 245 | |a Publicacions de la Secció Tècnica de Museus de la Diputació de Barcelona | ||
| 260 | |a [Barcelona : |b la Institució, |c 1987?] | ||
| 300 | |a [5] p. ; |c 28 cm | ||
| 610 | 1 | 0 | |a Barcelona (Catalunya : Província). |b Secció Tècnica de Museus |9 55058 |
| 901 | |a Arxiu | ||
| 942 | |n 1 | ||
| 952 | |0 0 |1 0 |4 0 |6 FU251 |7 1 |9 41677 |a Arxiu |b Arxiu |d 2016-12-01 |l 0 |o FU-25-1 |p 9179 |r 2016-12-01 00:00:00 |w 2016-12-01 |y ARXIU | ||
| 999 | |c 43567 |d 43567 | ||